000 00963nmm a2200289 a 4500
001 ocm0001411609
003 TR-IsHL
005 20201028164148.0
008 160220s2015 tu tur
007 cr cn
020 _a9786051625355
035 _a1411609
_b(N$T)
050 0 4 _aBP80.N89
_bE78 2015
090 0 4 _aBP80.N89
_bE78 2015
100 1 _aErtuğrul, Halit
245 1 0 _aKutlu bir diriliş: Said Nursi destanı
_h[electronic resource] /
_cHalit Ertuğrul
260 _aİstanbul :
_bNesil Yayınları,
_c2015
300 _a159 p.
650 4 _aFelsefe, Psikoloji ve Din
650 4 _aPhilosophy, Psychology and Religion
650 0 _aNursi, Said, 1873-1960.
650 0 _aİslam ve siyaset (Türkiye)
650 0 _aIslam and politics (Turkey)
650 0 _aNurculuk
650 7 _aBIOGRAPHY & AUTOBIOGRAPHY / Religious
_2bisacsh
856 4 0 _uhttp://search.ebscohost.com/login.aspx?direct=true&scope=site&db=e011xww&AN=1411609
999 _c15539
_d15539